Statistics for Most Populous S Countries - One Minute Sprint

Click here to take the quiz!

General Stats

  • This quiz has been taken 40 times
  • The average score is 7 of 10

Answer Stats

rankcountry% Correct
2South Korea
87%
1South Africa
84%
4Sudan
84%
3Spain
82%
9South Sudan
74%
10Somalia
66%
8Senegal
63%
5Saudi Arabia
53%
7Syria
50%
6Sri Lanka
45%

Score Distribution

Percentile by Number Answered

Percent of People with Each Score

Your Score History

You have not taken this quiz